000 01251nam a2200253Ia 4500
999 _c41957
_d41957
001 8641
003 GE_BSU
005 20240522121317.0
008 181216s2010||||ge |||||||||||||| ||geo||
020 _a9789941912597
040 _cGE_BSU
041 _ageo
080 _a342(075.8) დ-32
100 _aდემეტრაშვილი, ავთანდილ
_922145
245 _aკონსტიტუციური სამართალი :
_bსახელმძღვანელო ბაკალავრიატის სტუდენტებისათვის /
_cავთანდილ დემეტრაშვილი, ირაკლი კობახიძე.
264 _aთბილისი :
_bსაგამომც. სახლი "ინოვაცია,
_c2010.
300 _a500 გვ. ;
_c20 სმ.
500 _aდანართები: გვ. 409-499.
504 _aბიბლიოგრაფია ტექსტების შენიშვნებში
541 _h25 ლ.
653 _aკონსტიტუციური სამართალი
700 _aკობახიძე, ირაკლი
_eავტორი
_9134
942 _cBK
_2udc